000 01121njm a2200301Ia 4500
001 48991
003 IT-RoPAU
005 20220918181127.0
008 131025s9999 xx 000 0 und d
040 _aIT-RoPAU
040 _cIT-RoPAU
041 _aINGLESE
999 _c100249
_d100249
999 _bn.d.
100 _aBeatles (The)
_922459
100 _eAutore musica
_922460
100 _gCodice autore musica SPICS: 9428
_922461
245 2 _aA Hard Day's Night
250 _a2a ed.
260 _aENGLAND
260 _bEMI RECORDS
_c1986 [1a Ed.:1964 - Ed. Lingua Orig.: 1964]
300 _aCOMPACT DISC
300 _c33 minuti (Testo: pag.)
500 _aMusica pop. Canzone inglese
505 _aA Hard Day's Night - I Should Have Known Better - If I Fell - I'm Happy Just To Dance With You - And I Love Her - Tell Me Why - Can't Buy Me Love - Any Time At All - I'll Cry Instead - Things We Said Today - When I Get Home - You Can't Do That - I'll Be Back
650 _aPOP [COMPACT DISC]
_eCodice MATERIA SPICS: 9949
_910570
700 _aBeatles (The)
_gCodice interprete SPICS: 9428
_eInterprete
_922462
942 _cCD
_2ddc